[Event "New York Marshall CC 06"]
[Site "New York"]
[Date "2025.06.20"]
[Round "1"]
[White "Goel, Raben"]
[Black "Dong, Kyle Qiyu"]
[Result "1/2-1/2"]
[WhiteElo "1845"]
[BlackElo "2011"]
[PlyCount "58"]
[EventDate "2025.06.20"]
[EventType "swiss"]
[EventRounds "5"]
[EventCountry "USA"]
[SourceTitle "CB26_2025"]
[SourceDate "2025.06.25"]
[SourceVersion "1"]
[SourceVersionDate "2025.06.25"]
[SourceQuality "1"]

1. d4 d5 2. Nf3 Nf6 3. e3 e6 4. Bd3 c5 5. b3 Nbd7 6. Bb2 Qc7 7. Nbd2 Bd6 8. 0-0 e5 9. dxe5 Nxe5 10. Nxe5 Bxe5 11. Bxe5 Qxe5 12. Bb5+ Bd7 13. Bxd7+ Nxd7 14. c4 Nf6 15. cxd5 Qxd5 16. Nc4 0-0 17. Qxd5 Nxd5 18. Rfd1 Rfd8 19. Rd2 Nc3 20. Rc2 Ne4 21. f3 Nf6 22. e4 Kf8 23. Kf2 b6 24. Ne3 g6 25. Ke2 Ke7 26. g4 h6 27. h4 Rac8 28. g5 hxg5 29. hxg5 Ne8 1/2-1/2

[Event "New York Marshall op"]
[Site "New York"]
[Date "2024.10.07"]
[Round "5"]
[White "Dong, Kyle Qiyu"]
[Black "Levin, Anthony"]
[Result "1/2-1/2"]
[WhiteElo "1972"]
[BlackElo "1980"]
[PlyCount "80"]
[EventDate "2024.10.05"]
[EventType "swiss"]
[EventRounds "5"]
[EventCountry "USA"]
[SourceTitle "CB45_2024"]
[Source "ChessBase"]
[SourceDate "2024.11.06"]
[SourceVersion "1"]
[SourceVersionDate "2024.11.06"]
[SourceQuality "1"]

1. c4 e6 2. g3 d5 3. Bg2 Nf6 4. Nf3 Be7 5. 0-0 0-0 6. b3 c5 7. cxd5 Nxd5 8. Bb2 Nc6 9. d4 cxd4 10. Nxd4 Nxd4 11. Qxd4 Bf6 12. Qd2 Nf4 13. gxf4 Qxd2 14. Nxd2 Bxb2 15. Rad1 Rb8 16. Nc4 Bf6 17. e4 Be7 18. e5 b6 19. Rd3 Ba6 20. Rd7 Bxc4 21. bxc4 Bc5 22. Rxa7 Rbd8 23. f5 Rd2 24. Bh3 exf5 25. Bxf5 Re2 26. Rd7 Rxe5 27. Bd3 Ra8 28. Ra1 g6 29. a4 Rae8 30. Ra2 Re1+ 31. Kg2 Ra8 32. Rd5 Ra5 33. Kf3 Rh1 34. Kg2 Rc1 35. Rd7 Re1 36. Kf3 f5 37. Be2 Ra8 38. Rc7 g5 39. Rd2 g4+ 40. Kg2 Re8 1/2-1/2

[Event "Titled Tuesday intern op 10th Sep Late"]
[Site "Chess,com INT"]
[Date "2024.09.10"]
[Round "3"]
[White "Dong, Kyle Qiyu"]
[Black "Pozzari, Simone"]
[Result "0-1"]
[WhiteElo "1944"]
[BlackElo "2048"]
[PlyCount "56"]
[EventDate "2024.09.10"]
[EventType "swiss (blitz)"]
[EventRounds "11"]
[EventCountry "USA"]
[SourceTitle "EXT 2025"]
[Source "ChessBase"]
[SourceDate "2024.10.14"]
[SourceVersion "1"]
[SourceVersionDate "2024.10.14"]
[SourceQuality "1"]

1. c4 g6 2. Nf3 Bg7 3. g3 d6 4. Bg2 Nc6 5. d4 Bd7 6. Nc3 Qc8 7. h4 h6 8. a3 Nf6 9. e4 e5 10. d5 Ne7 11. Bd2 0-0 12. b4 Nh5 13. Qb3 f5 14. 0-0-0 a5 15. b5 c6 16. bxc6 bxc6 17. c5 Rb8 18. Qa2 dxc5 19. exf5 Bxf5 20. d6+ Be6 21. dxe7 Bxa2 22. exf8Q+ Qxf8 23. Nxa2 c4 24. Kc2 Qxa3 25. Ra1 Qb3+ 26. Kc1 Qb2+ 27. Kd1 Qxa1+ 28. Ke2 Qxa2 0-1

[Event "Titled Tuesday intern op 10th Sep Late"]
[Site "Chess,com INT"]
[Date "2024.09.10"]
[Round "1"]
[White "Suder, Jakub"]
[Black "Dong, Kyle Qiyu"]
[Result "1-0"]
[WhiteElo "2326"]
[BlackElo "1944"]
[PlyCount "87"]
[EventDate "2024.09.10"]
[EventType "swiss (blitz)"]
[EventRounds "11"]
[EventCountry "USA"]
[SourceTitle "EXT 2025"]
[Source "ChessBase"]
[SourceDate "2024.10.14"]
[SourceVersion "1"]
[SourceVersionDate "2024.10.14"]
[SourceQuality "1"]

1. d4 d5 2. c4 e6 3. Nc3 Nf6 4. cxd5 exd5 5. Bg5 Bb4 6. Qc2 h6 7. Bxf6 Qxf6 8. a3 Bxc3+ 9. Qxc3 c6 10. e3 Be6 11. Ne2 Nd7 12. Ng3 Rc8 13. Rc1 0-0 14. Bd3 b6 15. 0-0 c5 16. dxc5 bxc5 17. Qxf6 Nxf6 18. Rfd1 Rfd8 19. Bb1 g6 20. Ne2 g5 21. f3 Kg7 22. Kf2 Rd7 23. Rd2 Rb7 24. Nc3 d4 25. Ne4 dxe3+ 26. Kxe3 Nxe4 27. Bxe4 Rb3+ 28. Kf2 Rcb8 29. Rxc5 Rxb2 30. Rxb2 Rxb2+ 31. Kg3 Ra2 32. Ra5 Bc4 33. Rxa7 Bf1 34. f4 gxf4+ 35. Kh3 Re2 36. Bd5 Re3+ 37. Kg4 Re5 38. Bxf7 Rg5+ 39. Kxf4 Bxg2 40. h4 Rc5 41. Bd5+ Kf6 42. Ra6+ Ke7 43. Bxg2 Rc4+ 44. Be4 1-0

[Event "New York Marshall CC op-B"]
[Site "New York"]
[Date "2024.09.09"]
[Round "5"]
[White "Dong, Kyle Qiyu"]
[Black "Shankar, Pranav"]
[Result "1-0"]
[WhiteElo "1944"]
[BlackElo "1950"]
[PlyCount "73"]
[EventDate "2024.09.07"]
[EventType "swiss"]
[EventRounds "5"]
[EventCountry "USA"]
[SourceTitle "EXT 2025"]
[Source "ChessBase"]
[SourceDate "2024.10.14"]
[SourceVersion "1"]
[SourceVersionDate "2024.10.14"]
[SourceQuality "1"]

1. c4 e5 2. g3 Nf6 3. Bg2 c6 4. Nf3 e4 5. Nd4 d5 6. cxd5 Qb6 7. Nb3 a5 8. d3 a4 9. N3d2 exd3 10. 0-0 cxd5 11. exd3 Be6 12. Nc3 Qa6 13. Nf3 Bc5 14. Qc2 Nbd7 15. d4 Bd6 16. Ng5 Qc4 17. Re1 Nf8 18. Bf1 Qc7 19. Bb5+ Kd8 20. Bxa4 h6 21. Nxe6+ Nxe6 22. Be3 Bb4 23. Bb3 Rc8 24. Rec1 Qa5 25. Qd3 Ke7 26. a3 Bd6 27. Qf5 Qb6 28. Nxd5+ Nxd5 29. Qxd5 Rxc1+ 30. Rxc1 Rd8 31. Qc4 Qa5 32. d5 Nc7 33. Bd4 Kf8 34. Rd1 Re8 35. Kg2 Nb5 36. Ba4 Nxd4 37. Bxe8 1-0

[Event "Titled Tuesday intern op 03rd Sep Early"]
[Site "Chess.com INT"]
[Date "2024.09.03"]
[Round "2"]
[White "Amanov, Zhanibek"]
[Black "Dong, Kyle Qiyu"]
[Result "1-0"]
[WhiteElo "2275"]
[BlackElo "1944"]
[PlyCount "125"]
[EventDate "2024.09.03"]
[EventType "swiss (blitz)"]
[EventRounds "11"]
[EventCountry "USA"]
[SourceTitle "EXT 2025"]
[Source "ChessBase"]
[SourceDate "2024.10.14"]
[SourceVersion "1"]
[SourceVersionDate "2024.10.14"]
[SourceQuality "1"]

1. c4 Nf6 2. Nc3 c5 3. e3 Nc6 4. Nf3 e5 5. b3 Be7 6. Bb2 0-0 7. d4 e4 8. Ng5 cxd4 9. exd4 d5 10. cxd5 Nxd5 11. Ngxe4 Bf5 12. Bc4 Nxc3 13. Nxc3 Qxd4 14. 0-0 Bf6 15. Qf3 Bg6 16. Na4 Qe4 17. Qxe4 Bxe4 18. Bxf6 gxf6 19. Nc5 Bg6 20. Nxb7 Rab8 21. Nc5 Ne5 22. Rac1 Rbc8 23. Na4 Nxc4 24. Rxc4 Rxc4 25. bxc4 Bd3 26. Rc1 Rc8 27. c5 Bb5 28. Nb2 Kf8 29. a4 Ba6 30. f3 Ke7 31. Kf2 Ke6 32. Ke3 Kd5 33. Rd1+ Kxc5 34. Rd7 Re8+ 35. Kf4 Re2 36. Rxa7 Rxb2 37. Rxa6 Rxg2 38. Rxf6 Rxh2 39. Rxf7 Rh4+ 40. Ke5 Rxa4 41. Rc7+ Kb6 42. Rxh7 Kc6 43. f4 Ra5+ 44. Ke6 Ra1 45. f5 Re1+ 46. Kf7 Kd6 47. f6 Ra1 48. Rh2 Ra7+ 49. Kg6 Ra3 50. Rd2+ Ke6 51. Re2+ Kd7 52. Kg7 Rg3+ 53. Kf8 Rf3 54. f7 Rf4 55. Re5 Kd6 56. Rg5 Kd7 57. Kg7 Ke7 58. Re5+ Kd6 59. Re1 Rg4+ 60. Kf6 Rf4+ 61. Kg7 Rg4+ 62. Kf8 Rf4 63. Ke8 1-0

[Event "Titled Tuesday intern op 03rd Sep Early"]
[Site "Chess.com INT"]
[Date "2024.09.03"]
[Round "3"]
[White "Hirneise, Jens"]
[Black "Dong, Kyle Qiyu"]
[Result "0-1"]
[WhiteElo "2306"]
[BlackElo "1944"]
[PlyCount "110"]
[EventDate "2024.09.03"]
[EventType "swiss (blitz)"]
[EventRounds "11"]
[EventCountry "USA"]
[SourceTitle "EXT 2025"]
[Source "ChessBase"]
[SourceDate "2024.10.14"]
[SourceVersion "1"]
[SourceVersionDate "2024.10.14"]
[SourceQuality "1"]

1. d4 d5 2. Bf4 Bf5 3. e3 e6 4. Nf3 Nf6 5. Nbd2 Bd6 6. Bg3 c5 7. c4 Nc6 8. cxd5 exd5 9. dxc5 Bxc5 10. Rc1 Bb6 11. Bb5 0-0 12. 0-0 Rc8 13. Nb3 a6 14. Bxc6 bxc6 15. Nbd4 Bd7 16. b4 Qe7 17. a3 Ne4 18. Nb3 Rfe8 19. Nfd4 c5 20. bxc5 Nxc5 21. Nxc5 Bxc5 22. a4 Red8 23. Qd3 Bxa4 24. Qxa6 Ra8 25. Qd3 g6 26. Nf3 Bb6 27. Bh4 f6 28. Qc3 Kg7 29. Rb1 Ba5 30. Qd4 Bc2 31. Rb2 Bf5 32. Ra2 Bb6 33. Qb2 Rxa2 34. Qxa2 Bc5 35. Rc1 Bxe3 36. Re1 d4 37. fxe3 dxe3 38. Qe2 Rd3 39. Bg3 Qd7 40. Bf4 Qe6 41. Bxe3 Qd5 42. Qf2 Rb3 43. Nh4 Qb5 44. Nxf5+ gxf5 45. Qxf5 Qxf5 46. Bf2 Qd5 47. Rf1 Rb2 48. h3 Qd2 49. Kh2 Qe2 50. Kg1 Rd2 51. Kh2 Rd1 52. Kg3 Qxf1 53. h4 Rd3+ 54. Kf4 Qxf2+ 55. Ke4 Rd4# 0-1

[Event "Titled Tuesday intern op 27th Aug Early"]
[Site "Chess.com INT"]
[Date "2024.08.27"]
[Round "1"]
[White "Dong, Kyle Qiyu"]
[Black "Bagrationi, Alexander"]
[Result "0-1"]
[WhiteElo "1944"]
[BlackElo "2411"]
[PlyCount "108"]
[EventDate "2024.08.27"]
[EventType "swiss (blitz)"]
[EventRounds "11"]
[EventCountry "USA"]
[SourceTitle "EXT 2025"]
[Source "ChessBase"]
[SourceDate "2024.10.14"]
[SourceVersion "1"]
[SourceVersionDate "2024.10.14"]
[SourceQuality "1"]

1. c4 e5 2. Nc3 f5 3. d4 exd4 4. Qxd4 Nc6 5. Qd2 Nf6 6. g3 Bb4 7. Bg2 Ne4 8. Qd3 Bxc3+ 9. bxc3 Nc5 10. Qxf5 d6 11. Qg5 Qxg5 12. Bxg5 Ne5 13. Nf3 Nxc4 14. 0-0 Bd7 15. Nd4 h6 16. Bf4 g5 17. Bc1 0-0-0 18. Bd5 Nb6 19. Bb3 Rde8 20. Be3 Nxb3 21. axb3 c5 22. Nc2 a6 23. Rfd1 Kc7 24. Rd3 Bf5 25. Rd2 Bxc2 26. Rxc2 Rxe3 27. fxe3 Re8 28. Rf1 Rxe3 29. Rf6 Nd5 30. Rxh6 Nxc3 31. Kf2 Nd5 32. Rd2 Re5 33. h4 gxh4 34. Rxh4 b5 35. e4 Nc3 36. Kf3 a5 37. Rd3 b4 38. g4 c4 39. bxc4 Nxe4 40. Rh5 Ng5+ 41. Kf4 Ne6+ 42. Kg3 a4 43. Rd1 b3 44. Ra1 b2 45. Rb1 a3 46. Rhh1 Kc6 47. Kf3 Kc5 48. Kg3 Kxc4 49. Kf3 Kb3 50. Kg3 a2 51. Rbf1 Nd4 52. Kf4 Ne2+ 53. Kf3 Nc3 54. Kf4 b1Q 0-1

[Event "Titled Tuesday intern op 27th Aug Early"]
[Site "Chess.com INT"]
[Date "2024.08.27"]
[Round "8"]
[White "Dong, Kyle Qiyu"]
[Black "Papayan, Oleg"]
[Result "0-1"]
[WhiteElo "1944"]
[BlackElo "2183"]
[PlyCount "68"]
[EventDate "2024.08.27"]
[EventType "swiss (blitz)"]
[EventRounds "11"]
[EventCountry "USA"]
[SourceTitle "EXT 2025"]
[Source "ChessBase"]
[SourceDate "2024.10.14"]
[SourceVersion "1"]
[SourceVersionDate "2024.10.14"]
[SourceQuality "1"]

1. c4 c5 2. g3 Nf6 3. Bg2 d5 4. cxd5 Nxd5 5. Nc3 Nc7 6. Nf3 Nc6 7. 0-0 e5 8. a3 Rb8 9. b4 cxb4 10. axb4 Bxb4 11. Nxe5 Nxe5 12. Qa4+ Nc6 13. Bxc6+ bxc6 14. Qxa7 Ra8 15. Qe3+ Qe7 16. Rxa8 Nxa8 17. Qd4 0-0 18. Bb2 Qc5 19. Qh4 Bxc3 20. Bxc3 Re8 21. Rb1 Nc7 22. Rb8 Nb5 23. Rxc8 Rxc8 24. Qg4 Qf8 25. Bxg7 f5 26. Qg5 Qf7 27. Bd4+ Qg6 28. Qf4 Nxd4 29. Qxd4 Re8 30. Qc4+ Qe6 31. Qd3 Qxe2 32. Qxf5 Qe1+ 33. Kg2 Qe4+ 34. Qxe4 Rxe4 0-1

[Event "Titled Tuesday intern op 04th Jun Early"]
[Site "Chess.com INT"]
[Date "2024.06.04"]
[Round "1"]
[White "Dong, Kyle Qiyu"]
[Black "Skotheim, Andreas"]
[Result "0-1"]
[WhiteElo "1937"]
[BlackElo "2225"]
[PlyCount "82"]
[EventDate "2024.06.04"]
[EventType "swiss (blitz)"]
[EventRounds "11"]
[EventCountry "USA"]
[SourceTitle "EXT 2025"]
[Source "ChessBase"]
[SourceDate "2024.10.14"]
[SourceVersion "1"]
[SourceVersionDate "2024.10.14"]
[SourceQuality "1"]

1. e4 c5 2. Nc3 a6 3. d4 cxd4 4. Qxd4 Nc6 5. Qe3 Nf6 6. Bd2 d5 7. exd5 Nxd5 8. Nxd5 Qxd5 9. Ne2 e5 10. Nc3 Qd4 11. 0-0-0 Be6 12. Qg3 Qg4 13. Qxg4 Bxg4 14. f3 Be6 15. Be3 Rd8 16. Rxd8+ Kxd8 17. Bd3 f5 18. Rd1 Kc7 19. f4 Bd6 20. g3 Re8 21. fxe5 Bxe5 22. Ne2 Nb4 23. a3 Nxd3+ 24. Rxd3 Bc4 25. Rd2 Bxb2+ 26. Kxb2 Rxe3 27. Nf4 g5 28. Nd5+ Bxd5 29. Rxd5 Rf3 30. g4 Kc6 31. Re5 Kd6 32. Ra5 Ke7 33. gxf5 Kf6 34. Rd5 Rxf5 35. Rd7 Rb5+ 36. Kc3 Kg6 37. Rd6+ Kh5 38. a4 Rc5+ 39. Kb4 Rxc2 40. Rd7 h6 41. Rxb7 Rb2+ 0-1

[Event "New York Marshall op 04"]
[Site "New York"]
[Date "2024.04.13"]
[Round "2"]
[White "Dong, Kyle Qiyu"]
[Black "Shvarts, Tim"]
[Result "0-1"]
[WhiteElo "1972"]
[BlackElo "1783"]
[PlyCount "124"]
[EventDate "2024.04.13"]
[EventType "swiss"]
[EventRounds "5"]
[EventCountry "USA"]
[SourceTitle "CBM 219 Extra"]
[Source "ChessBase"]
[SourceDate "2024.05.31"]
[SourceVersion "1"]
[SourceVersionDate "2024.05.31"]
[SourceQuality "1"]

1. c4 c5 2. g3 Nf6 3. Bg2 g6 4. Nc3 Nc6 5. Nf3 Bg7 6. d4 cxd4 7. Nxd4 0-0 8. 0-0 Qa5 9. Nc2 d6 10. Bd2 Qh5 11. e4 Bg4 12. f3 Bh3 13. Be3 Bxg2 14. Kxg2 Rac8 15. Qd2 Rfd8 16. Nd5 e6 17. Nf4 Qa5 18. Rfd1 Qxd2+ 19. Rxd2 Ne5 20. b3 g5 21. Nd3 Nxf3 22. Kxf3 g4+ 23. Kg2 Nxe4 24. Rad1 Nxd2 25. Rxd2 b6 26. Ndb4 Rd7 27. Nd4 Bf8 28. Nd3 a6 29. a4 Be7 30. Ne2 Rb7 31. Nd4 Kg7 32. Re2 Bf6 33. Nb4 Bxd4 34. Bxd4+ e5 35. Bf2 b5 36. cxb5 axb5 37. a5 Rc1 38. a6 Rb8 39. a7 Ra8 40. Ra2 Rc7 41. Nd5 Rd7 42. Bb6 Rb7 43. Nc7 Raxa7 44. Bxa7 Rxc7 45. Bb8 Rd7 46. Rd2 Kf6 47. Rxd6+ Rxd6 48. Bxd6 Ke6 49. Bf8 Kd5 50. Ba3 f5 51. Bb2 b4 52. Kf2 Ke4 53. Ba1 h5 54. Bb2 f4 55. gxf4 exf4 56. Ke2 h4 57. Bf6 g3 58. hxg3 f3+ 59. Kf2 h3 60. Kg1 Ke3 61. Bd8 f2+ 62. Kf1 h2 0-1

[Event "New York Marshall 03"]
[Site "New York"]
[Date "2024.03.03"]
[Round "4"]
[White "Zeltsan, Joseph"]
[Black "Dong, Kyle Qiyu"]
[Result "1-0"]
[WhiteElo "2419"]
[BlackElo "1966"]
[PlyCount "121"]
[EventDate "2024.03.01"]
[EventType "swiss"]
[EventRounds "5"]
[EventCountry "USA"]
[SourceTitle "CBM 219 Extra"]
[Source "ChessBase"]
[SourceDate "2024.05.31"]
[SourceVersion "1"]
[SourceVersionDate "2024.05.31"]
[SourceQuality "1"]

1. Nf3 c5 2. g3 Nc6 3. c4 g6 4. Bg2 Bg7 5. 0-0 e6 6. Nc3 Nge7 7. e3 d5 8. cxd5 exd5 9. d4 c4 10. b3 a6 11. bxc4 dxc4 12. Qa4 Be6 13. Ng5 b5 14. Nxe6 fxe6 15. Qd1 0-0 16. Ba3 b4 17. Qa4 Qb6 18. Bxb4 Qxb4 19. Bxc6 Nxc6 20. Qxc6 Qxc3 21. Rac1 Qb2 22. Qxe6+ Kh8 23. Qxc4 Rab8 24. Rc2 Qb6 25. Rfc1 a5 26. Qc6 Qxc6 27. Rxc6 a4 28. R1c2 Ra8 29. d5 Rfd8 30. d6 Ra7 31. Rc7 Ra6 32. R2c6 Rxc6 33. Rxc6 Be5 34. Ra6 Rxd6 35. Rxa4 Rd2 36. h4 Rb2 37. Ra7 Kg8 38. a4 Bc3 39. Kf1 Ra2 40. Ra8+ Kf7 41. Ra7+ Kg8 42. Rc7 Ba5 43. Rc4 Kf7 44. Kg2 Be1 45. Rf4+ Ke6 46. g4 Ke5 47. g5 Ke6 48. Rf6+ Ke7 49. Kf1 Bc3 50. Rc6 Rxa4 51. Rxc3 Rxh4 52. Ke2 Rh5 53. f4 h6 54. Rc7+ Ke6 55. Rg7 Kf5 56. Rf7+ Ke4 57. Re7+ Kf5 58. Re5+ Kg4 59. gxh6 Rxh6 60. Rg5+ Kh4 61. Kd3 1-0

[Event "Titled Tuesday intern op 20th Feb Early"]
[Site "Chess.com INT"]
[Date "2024.02.20"]
[Round "7"]
[White "Dong, Kyle Qiyu"]
[Black "Yelisieiev, Yevhenii"]
[Result "1-0"]
[WhiteElo "1934"]
[BlackElo "2411"]
[PlyCount "121"]
[EventDate "2024.02.20"]
[EventType "swiss (blitz)"]
[EventRounds "11"]
[EventCountry "USA"]
[SourceTitle "EXT 2025"]
[Source "ChessBase"]
[SourceDate "2024.10.14"]
[SourceVersion "1"]
[SourceVersionDate "2024.10.14"]
[SourceQuality "1"]

1. e4 d6 2. Nf3 Nf6 3. Nc3 e5 4. d4 Nbd7 5. g3 Be7 6. Bg2 c6 7. 0-0 b5 8. d5 b4 9. dxc6 bxc3 10. cxd7+ Qxd7 11. bxc3 Bb7 12. Nd2 0-0 13. c4 Qc6 14. Ba3 Nd7 15. Rb1 Rab8 16. Qe2 Ba6 17. Rb3 Nb6 18. Rb4 Rbc8 19. Rfb1 Bg5 20. h4 Bxd2 21. Qxd2 Nxc4 22. Qc3 Nxa3 23. Qxa3 h6 24. c4 Rc7 25. Ra4 Bc8 26. Rxa7 Rxa7 27. Qxa7 Qxc4 28. Rd1 Qc6 29. Qe7 Bg4 30. Rxd6 Qc1+ 31. Kh2 Qc5 32. f3 Be6 33. Rxe6 Qf2 34. Rd6 Qxa2 35. Rd8 Rxd8 36. Qxd8+ Kh7 37. Qd5 Qb2 38. Qxf7 Qd4 39. h5 Qb2 40. Qf5+ Kh8 41. Qe6 Qc3 42. f4 exf4 43. gxf4 Qe1 44. Qe8+ Kh7 45. Qg6+ Kh8 46. Qg3 Qe2 47. Qh4 Qe3 48. e5 Qe2 49. Qd8+ Kh7 50. Qe8 Qf2 51. Qg6+ Kh8 52. Qg4 Qe1 53. e6 Qe3 54. Qg6 Qe1 55. Qe8+ Kh7 56. Qg6+ Kh8 57. Qf7 Qh4+ 58. Kg1 Qe1+ 59. Bf1 Qg3+ 60. Kh1 Qf3+ 61. Bg2 1-0

[Event "Titled Tuesday intern op 13th Feb Late"]
[Site "Chess.com INT"]
[Date "2024.02.13"]
[Round "3"]
[White "Seletsky, Grigory"]
[Black "Dong, Kyle Qiyu"]
[Result "1-0"]
[WhiteElo "2181"]
[BlackElo "1934"]
[PlyCount "105"]
[EventDate "2024.02.13"]
[EventType "swiss (blitz)"]
[EventRounds "11"]
[EventCountry "USA"]
[SourceTitle "CBM 218 Extra"]
[Source "ChessBase"]
[SourceDate "2024.03.31"]
[SourceVersion "1"]
[SourceVersionDate "2024.03.31"]
[SourceQuality "1"]

1. d4 d5 2. c4 e6 3. Nc3 c6 4. e3 f5 5. g4 Nf6 6. gxf5 exf5 7. Nh3 Bd6 8. cxd5 cxd5 9. Nb5 Qa5+ 10. Bd2 Bb4 11. Nc7+ Qxc7 12. Bxb4 Nc6 13. Bb5 Bd7 14. Bxc6 Bxc6 15. Nf4 Qd7 16. Qb3 Kf7 17. Nd3 Qc7 18. Ne5+ Ke6 19. Rc1 a5 20. Ba3 Rhc8 21. f3 a4 22. Qb4 Ra6 23. 0-0 Rb6 24. Qa5 Ra6 25. Qc5 Ra5 26. Qb4 Ra6 27. Rc5 Rb6 28. Qc3 Nd7 29. Nxd7 Qxd7 30. Rc1 Rf8 31. Qa5 Ra6 32. Qb4 Rc8 33. Qe1 Kf7 34. Qg3 Kg8 35. R5c2 Re8 36. Bd6 Rxe3 37. Be5 g6 38. Kh1 a3 39. b3 Rb6 40. Rg2 Qe6 41. Rcg1 Rd3 42. Qf4 Bb5 43. Qh6 Qf7 44. Rg5 Rc6 45. h4 Rxf3 46. h5 Rh3+ 47. Kg2 Rd3 48. Kh2 Rc2+ 49. R1g2 Rxg2+ 50. Rxg2 Be8 51. hxg6 Qxg6 52. Rxg6+ hxg6 53. Qg7# 1-0

[Event "Titled Tuesday intern op 30th Jan Late"]
[Site "Chess.com INT"]
[Date "2024.01.30"]
[Round "7"]
[White "Dong, Kyle Qiyu"]
[Black "Kashtanov, Ruslan"]
[Result "0-1"]
[WhiteElo "1934"]
[BlackElo "2357"]
[PlyCount "62"]
[EventDate "2024.01.30"]
[EventType "swiss (blitz)"]
[EventRounds "11"]
[EventCountry "USA"]
[SourceTitle "EXT 2025"]
[Source "ChessBase"]
[SourceDate "2024.10.14"]
[SourceVersion "1"]
[SourceVersionDate "2024.10.14"]
[SourceQuality "1"]

1. e4 c5 2. Nc3 a6 3. d4 cxd4 4. Qxd4 Nc6 5. Qd2 Nf6 6. b3 e6 7. Bb2 b5 8. f3 Bb7 9. 0-0-0 Bb4 10. Nge2 0-0 11. g4 Qa5 12. Kb1 Rfd8 13. g5 Ne8 14. Qe3 Rac8 15. h4 Ba3 16. Ba1 Nb4 17. h5 Nxc2 18. Kxc2 b4 19. g6 bxc3 20. h6 fxg6 21. hxg7 Bc5 22. Qh6 Qxa2+ 23. Kd3 Nf6 24. Bxc3 d5 25. e5 d4 26. exf6 dxc3+ 27. Nd4 Rxd4+ 28. Kxc3 Bb6+ 29. Bc4 Rcxc4+ 30. bxc4 Rxc4+ 31. Kd3 Qc2# 0-1

[Event "Titled Tuesday intern op 30th Jan Late"]
[Site "Chess.com INT"]
[Date "2024.01.30"]
[Round "8"]
[White "Reinecke, Katharina"]
[Black "Dong, Kyle Qiyu"]
[Result "0-1"]
[WhiteElo "1936"]
[BlackElo "1934"]
[PlyCount "92"]
[EventDate "2024.01.30"]
[EventType "swiss (blitz)"]
[EventRounds "11"]
[EventCountry "USA"]
[SourceTitle "EXT 2025"]
[Source "ChessBase"]
[SourceDate "2024.10.14"]
[SourceVersion "1"]
[SourceVersionDate "2024.10.14"]
[SourceQuality "1"]

1. d4 Nf6 2. c4 g6 3. Nf3 Bg7 4. g3 0-0 5. Bg2 d6 6. 0-0 c5 7. e3 a6 8. Nbd2 b5 9. b3 Bb7 10. Bb2 Nbd7 11. Rc1 Qa5 12. a3 Rab8 13. Re1 Ba8 14. Bf1 Qb6 15. cxb5 axb5 16. dxc5 Nxc5 17. b4 Nce4 18. Nxe4 Bxe4 19. Bd4 Qa6 20. Bb2 Qa8 21. Nd2 Bd5 22. f3 Be6 23. e4 Rfc8 24. Qe2 Rd8 25. Rc2 Nd7 26. Bxg7 Kxg7 27. Qe3 Qa4 28. Rec1 Ra8 29. Rc3 Ne5 30. f4 Ng4 31. Qd4+ Kg8 32. Nf3 Bd7 33. h3 Nf6 34. Qe3 Qa6 35. Kh2 Rac8 36. Bg2 Rxc3 37. Rxc3 Bc6 38. e5 Nd5 39. Qd4 Nxc3 40. Qxc3 dxe5 41. fxe5 Be4 42. Nd4 Bxg2 43. Kxg2 Qb7+ 44. Kh2 Qd5 45. Nc6 Qa2+ 46. Kg1 Rd1+ 0-1

[Event "Titled Tuesday intern op 30th Jan Late"]
[Site "Chess.com INT"]
[Date "2024.01.30"]
[Round "2"]
[White "Willy, Stephen"]
[Black "Dong, Kyle Qiyu"]
[Result "1-0"]
[WhiteElo "1990"]
[BlackElo "1934"]
[PlyCount "47"]
[EventDate "2024.01.30"]
[EventType "swiss (blitz)"]
[EventRounds "11"]
[EventCountry "USA"]
[SourceTitle "EXT 2025"]
[Source "ChessBase"]
[SourceDate "2024.10.14"]
[SourceVersion "1"]
[SourceVersionDate "2024.10.14"]
[SourceQuality "1"]

1. e4 c5 2. c3 Nf6 3. e5 Nd5 4. d4 d6 5. Nf3 Nc6 6. Bb5 Bd7 7. dxc5 Nc7 8. Bc4 dxe5 9. Qe2 Be6 10. Bxe6 Nxe6 11. b4 Qc7 12. Na3 a6 13. Nc4 f6 14. 0-0 0-0-0 15. b5 axb5 16. Nb6+ Kb8 17. a4 b4 18. Qc4 Na5 19. Qxe6 bxc3 20. Be3 c2 21. Rfc1 Nc6 22. Rxc2 Nb4 23. Rcc1 Nd3 24. Rc3 1-0

[Event "Titled Tuesday intern op 12th Dec Late"]
[Site "Chess.com INT"]
[Date "2023.12.12"]
[Round "2"]
[White "Yashmetov, Mikhail"]
[Black "Dong, Kyle Qiyu"]
[Result "0-1"]
[WhiteElo "2307"]
[BlackElo "1911"]
[PlyCount "82"]
[EventDate "2023.12.12"]
[EventType "swiss (blitz)"]
[EventRounds "11"]
[EventCountry "USA"]
[SourceTitle "EXT 2025"]
[Source "ChessBase"]
[SourceDate "2024.10.14"]
[SourceVersion "1"]
[SourceVersionDate "2024.10.14"]
[SourceQuality "1"]

1. Nf3 c5 2. b3 Nc6 3. Bb2 d6 4. g3 Nf6 5. Bg2 g6 6. 0-0 Bg7 7. c4 0-0 8. d3 Re8 9. Nbd2 e5 10. e4 h6 11. Re1 Kh7 12. Nf1 Ng8 13. Ne3 f5 14. Nh4 f4 15. Nd5 Be6 16. Nxg6 Kxg6 17. gxf4 Kh7 18. f5 Bf7 19. f4 Nf6 20. fxe5 dxe5 21. Kh1 Nd4 22. Bxd4 cxd4 23. Rg1 Rg8 24. Qe2 Nxd5 25. exd5 Bf6 26. Be4 Qe7 27. Qf3 Raf8 28. Rac1 Qe8 29. c5 Bh5 30. Qh3 Kh8 31. c6 bxc6 32. dxc6 Bg5 33. Rc5 Be3 34. Rf1 Rg5 35. Qh4 Rfg8 36. h3 Qe7 37. Rc2 Rg1+ 38. Rxg1 Rxg1+ 39. Kh2 Qxh4 40. Rg2 Qf4+ 41. Rg3 Qxg3# 0-1

[Event "Titled Tuesday intern op 05th Dec Late"]
[Site "Chess.com INT"]
[Date "2023.12.05"]
[Round "3"]
[White "Dong, Kyle Qiyu"]
[Black "Bijaoui, Manuel"]
[Result "0-1"]
[WhiteElo "1911"]
[BlackElo "2425"]
[PlyCount "98"]
[EventDate "2023.12.05"]
[EventType "swiss (blitz)"]
[EventRounds "11"]
[EventCountry "USA"]
[SourceTitle "EXT 2025"]
[Source "ChessBase"]
[SourceDate "2024.10.14"]
[SourceVersion "1"]
[SourceVersionDate "2024.10.14"]
[SourceQuality "1"]

1. c4 Nf6 2. Nc3 g6 3. g3 Bg7 4. Bg2 0-0 5. e4 d6 6. Nge2 c5 7. d3 Nc6 8. 0-0 h5 9. h3 a6 10. Rb1 Rb8 11. a3 b5 12. cxb5 axb5 13. b4 cxb4 14. axb4 Bd7 15. f4 Qb6+ 16. Kh1 Rfc8 17. Bd2 Nd4 18. Be3 Nxe2 19. Qxe2 Qd8 20. Rfc1 Bc6 21. d4 d5 22. e5 Ne4 23. Nxe4 dxe4 24. Rc5 e6 25. Rbc1 Bd5 26. Rxc8 Rxc8 27. Rxc8 Qxc8 28. Qxb5 Qc3 29. Qe2 Qxb4 30. Bf2 Qb1+ 31. Kh2 Bf8 32. g4 hxg4 33. hxg4 Bh6 34. Bg3 Qd3 35. Qxd3 exd3 36. Bf1 d2 37. Be2 Bb3 38. g5 Bf8 39. Bf2 d1Q 40. Bxd1 Bxd1 41. Kg3 Bb3 42. Be1 Ba3 43. Kf2 Kf8 44. Bd2 Ke7 45. Ke3 Kd7 46. Kd3 Bb2 47. Be3 Kc6 48. Ke4 Bc2+ 49. Kf3 Kd5 0-1